| 000 | 00782nam a2200241 a 4500 | ||
|---|---|---|---|
| 999 |
_c2270 _d2270 |
||
| 001 | 2270 | ||
| 003 | BD-JhCC | ||
| 005 | 20171031173642.0 | ||
| 008 | 171031s2003 bg a|||| b||| 000 0 mul d | ||
| 020 | _a9840743740 | ||
| 035 | _a(BD-JhCC)2270 | ||
| 040 |
_aBD-JhCC _dBD-JhCC |
||
| 041 | _aBengali and English | ||
| 082 |
_a891.4409 _bGRA 2003 |
||
| 245 |
_aগ্রন্থবর্ষ স্মারকগ্রন্থ ২০০২ / _cমনসুর মুসা [সম্পা.] |
||
| 260 |
_aঢাকা : _bবাংলা একাডেমী, _c2003. |
||
| 300 |
_a319 p. : _bill. , _c22 cm. |
||
| 504 | _aIncludes Bibliographical Reference. | ||
| 650 | _aBengali Literature. | ||
| 700 | _aমুসা, মনসুর | ||
| 942 |
_2ddc _cBK |
||